000 002300000a22000970004500
100 1 _aCuervo Vázquez, Georgina
245 1 0 _aEva
300 _aVol. 3, Núm 14 (1991), Páginas 26-27
773 0 _tImpacto Presbiteriano
942 _cANA
999 _c50986
_d50986